| 000 | 00872nam a2200277Ia 4500 | ||
|---|---|---|---|
| 003 | CO-BoRNBP | ||
| 005 | 20220317001320.0 | ||
| 007 | ta | ||
| 008 | 210810s19962008sp aad jr 000 0 spa d | ||
| 020 | _a9788480550147 | ||
| 040 |
_aCO-BoRNBP _bspa _erda _cCO-BoRNBP |
||
| 041 | 0 | _aspa | |
| 082 | 0 | 4 |
_aR 570.0223 _bB36 _222 |
| 245 | 0 | 0 |
_aBiología _blos mecanismos de la vida |
| 250 | _aPrimera edición | ||
| 264 | 1 |
_aMadrid, España _bCultural _c1996 _c2008 |
|
| 300 |
_a112 páginas _bilustraciones, fotografías a color _c35 cm _e1 CD |
||
| 336 |
_atexto _btxt _2rdacontent |
||
| 337 |
_asin mediación _bn _2rdamedia |
||
| 338 |
_avolumen _bnc _2rdacarrier |
||
| 521 | _aRecomendado para un público mayor de 12 años | ||
| 650 | 1 | 7 |
_aBiología _vAtlas _2LEMB |
| 650 | 1 | 7 |
_aVida (Biologia) _vAtlas _2LEMB |
| 650 | 1 | 7 |
_aOrigen de la vida _vAtlas _2LEMB |
| 942 |
_2ddc _cREF |
||
| 999 |
_c6595 _d6595 |
||